Music Quiz

Random Music or Lyrics Quiz
Score 0/36 Timer 10:00
0 Plays Today
% Correct
The Joker by Steve Miller Band
82.1%
Kung Fu Fighting by Carl Douglas
81.2%
I Shot the Sheriff by Eric Clapton
80.3%
Billy Don't Be a Hero by Bo Donaldson and The Heywoods
78.6%
Cat's in the Cradle by Harry Chapin
77.8%
The Streak by Ray Stevens
76.1%
Annie's Song by John Denver
75.2%
The Way We Were by Barbra Streisand
74.4%
Seasons in the Sun by Terry Jack
73.5%
I Can Help by Billy Swan
72.6%
The Loco-Motion by Grand Funk
71.8%
Band on the Run by Paul McCartney & Wings
70.9%
Time in a Bottle by Jim Croce
70.1%
The Night Chicago Died by Paper Lace
69.2%
Bennie and the Jets by Elton John
65.8%
You Ain't Seen Nothing Yet by Bachman-Turner Overdrive
64.1%
You're Sixteen by Ringo Starr
63.2%
Love's Theme by Love Unlimited Orchestra
63.2%
% Correct
(You're) Having My Baby by Paul Anka and Odia Coates
63.2%
Dark Lady by Cher
61.5%
Hooked on a Feeling by Blue Swede
61.5%
Sundown by Gordon Lightfoot
57.3%
Angie Baby by Helen Reddy
57.3%
I Honestly Love You by Olivia Newton-John
53%
Feel Like Makin' Love by Roberta Flack
50.4%
Then Came You by Dionne Warwick and The Spinners
49.6%
Rock the Boat by The Hues Corporation
48.7%
Can't Get Enough of Your Love, Babe by Barry Love
48.7%
TSOP (The Sound of Philadelphia) by MFSB and The Three Degrees
47.9%
You Haven't Done Nothin' by Stevie Wonder
47.9%
Nothing From Nothing by Billy Preston
45.3%
Sunshine on My Shoulders by John Denver
43.6%
Show and Tell by Al Wilson
41%
Rock Me Gently by Andy Kim
41%
Whatever Gets You thru the Night by John Lennon
36.8%
Rock Your Baby by George McCrae
34.2%
Remove Ads.
Support Sporcle.
Get the best of Sporcle when you Go Orange. This ad-free experience offers more features, more stats, and more fun while also helping to support Sporcle. Thank you for becoming a member.

You're not logged in!

Compare scores with friends on all Sporcle quizzes.
OR
Log In

Show Comments

Extras

Top Quizzes Today


Score Distribution

Your Account Isn't Verified!

In order to create a playlist on Sporcle, you need to verify the email address you used during registration. Go to your Sporcle Settings to finish the process.

Report this User

Report this user for behavior that violates our Community Guidelines.

Details: